| 000 | 00886nam a22003137a 4500 | ||
|---|---|---|---|
| 005 | 20250116125511.0 | ||
| 010 | _aEN-123536 ( EN-127023 ) (EN-127024 | ||
| 020 |
_a9789381154069 _c650.00 |
||
| 020 | _a9789381154076 | ||
| 020 | _a9789381154083 | ||
| 035 | _aEN-140004 | ||
| 035 | _aEN-143491 | ||
| 035 | _aEN-143492 | ||
| 037 | _bDBAD/PUB | ||
| 082 | _a001.34 | ||
| 100 |
_aVyas, Girish _976682 |
||
| 245 |
_aKnowledge Treasure Of India Part-3; _c(Geography & Econimics)\ _bGirish Vyas |
||
| 260 |
_aJaipur _bBalaji _c2021 |
||
| 270 |
_a45-G,Govardhan Colony New Sanganer Road _bJaipur _e19 |
||
| 300 |
_a176 p; _c22(Pb) |
||
| 300 |
_a184 p; _c22 cm |
||
| 490 | _v1 | ||
| 490 | _v2 | ||
| 490 | _v3 | ||
| 500 | _aHistory of india | ||
| 700 |
_aVyas, Girish _964141 |
||
| 710 |
_aK.S.Shukla (Translated) _964142 |
||
| 942 |
_2ddc _cEN _h001.34 _mVYA |
||
| 999 |
_c201870 _d201870 |
||